000 00780nam a2200253Ia 4500
003 OSt
005 20221005032519.0
006 a|||||r|||| 00| 0
007 ta
008 221004b |||||||| |||| 00| 0 eng d
020 _a9781847690654 (hbk)
_c4672.31
024 _a21673
037 _b291, 16/03/2015, Sunrise Books
_cTextual
040 _aCRL
_cCRL
_beng
041 _2eng
_aeng
082 _aT:3(P), P8
100 _aGabrys Barker Danuta Ed.
_937743
245 0 _aMorphosyntactic issues in second language acquisition
260 _aClevedon
_bMultilingual Matters
_c2008
300 _axiii,264p.
_ccm.
650 _aEDUCATION
942 _hT:3(P), P8
_cTEXL
_2cc
999 _c939842
_d939842